Normal view
MARC view
- الاثراء الوظيفي-الحوافز-وزارة الصحة-الاردن
Entry Topical Term
001 - CONTROL NUMBER
- control field: 61033
003 - CONTROL NUMBER IDENTIFIER
- control field: JO-AjAnu
005 - DATE AND TIME OF LATEST TRANSACTION
- control field: 20230606083956.0
008 - FIXED-LENGTH DATA ELEMENTS
- fixed length control field: 230606|| aca||aabn | a|a d
040 ## - CATALOGING SOURCE
- Original cataloging agency: JO-AjAnu
- Transcribing agency: JO-AjAnu
150 ## - HEADING--TOPICAL TERM
- Topical term or geographic name entry element: الاثراء الوظيفي-الحوافز-وزارة الصحة-الاردن
670 ## - SOURCE DATA FOUND
- Source citation: Work cat.: (JO-AjAnu)31130: اعداد الصمادي، مأمون حسن عباس؛ اشراف بدر عايد القعيد, author 61032, اثر الحوافز على الاثراء الوظيفي لدى العاملين في وزارة الصحة الاردنية = The Impact of Incentives on The job Enrichment for Employees in Jordanian Ministry of Health